| 000 | 01494nam a2200337 i 4500 | ||
|---|---|---|---|
| 001 | 000038780 | ||
| 003 | DO-SdBNP | ||
| 005 | 20260521112637.0 | ||
| 007 | ta | ||
| 008 | 130422s1997 dr ac r 000 0 spa d | ||
| 040 |
_aDO-SdBNP _bspa _cBNPHU _erda |
||
| 041 | _aspa | ||
| 082 | 4 |
_a365.7 _bA265c _222 |
|
| 111 | 1 |
_aAgenda V "Sugerencias para el diseño de regimen penitenciario dominicano moderno" _d(21-22 mar. de 1997: _nSanto Domingo, República Dominicana) _965085 |
|
| 245 | 1 | 0 | _aSugerencias para el diseño de régimen penitenciario dominicano moderno. |
| 264 | 1 |
_aSanto Domingo : _bCRMJ, _c1997. |
|
| 300 |
_a232 páginas : _bilustraciones, retratos ; _c23 cm. |
||
| 336 |
_atexto _btxt _2rdacontent |
||
| 337 |
_asin mediación _bn _2rdamedia |
||
| 338 |
_avolumen _bnc _2rdacarrier |
||
| 490 | 1 | _aForum Permanente | |
| 590 | _aInventariado, 2018/BT | ||
| 650 | 4 |
_aTrabajo en las prisiones _vEnsayos, conferencias, etc. _zRepública Dominicana _965086 |
|
| 650 | 0 |
_aCriminología _vEnsayos, conferencias, etc. _zRepública Dominicana _917089 |
|
| 650 | 4 |
_aAdministración de justicia penal _vEnsayos, conferencias, etc. _zRepública Dominicana _965088 |
|
| 650 | 0 |
_aDerecho penitenciario _vEnsayos, conferencias, etc. _917090 |
|
| 650 | 4 |
_aPrisiones _vEnsayos, conferencias, etc. _zRepública Dominicana _914049 |
|
| 710 | 1 |
_aRepública Dominicana. _bComisionado para la Reforma y Mondernización de la Justicia _965089 |
|
| 910 | _aValidado. Control de calidad. EMS | ||
| 942 |
_2ddc _cLBS1 |
||
| 999 |
_c38270 _d38270 |
||